000 00563nam a22001457a 4500
005 20250207082909.0
008 241106b |||||||| |||| 00| 0 eng d
100 _aHaarberg, Orsolya.
_eauthor.
_963670
245 _aCamp adventure, Denmark :
_btree therapy /
_cOrsolya Haarberg.
260 _aWashington ;
_bNational Geographic Partners, LLC.,
_cDecember 2022.
300 _avolume 241, pages 56-57,
_billustration.
500 _aNational Geographic, v. 242, n. 12, pages 56-57, December 2022.
700 _aHaarberg, Orsolya.
_eauthor.
_963669
942 _2ddc
_cPER
999 _c23029
_d23029